[Event "Mittelfrank Regionalliga Sud-West 2223"]
[Site "Mittelfranken"]
[Date "2023.02.05"]
[Round "6.6"]
[White "Charaus, Florian"]
[Black "Lichtenstern, Elmar"]
[Result "1/2-1/2"]
[WhiteElo "1992"]
[BlackElo "1978"]
[PlyCount "71"]
[EventDate "2022.10.09"]
[EventType "team-tourn"]
[EventRounds "9"]
[EventCountry "GER"]
[SourceTitle "EXT 2024"]
[Source "ChessBase"]
[SourceDate "2023.10.10"]
[SourceVersion "1"]
[SourceVersionDate "2023.10.10"]
[SourceQuality "1"]
[WhiteTeam "Bayern Muenchen IV"]
[BlackTeam "Haar"]
[WhiteTeamCountry "GER"]
[BlackTeamCountry "GER"]

1. d4 Nf6 2. c4 g6 3. Nc3 d5 4. cxd5 Nxd5 5. Bd2 Bg7 6. e4 Nb6 7. Be3 0-0 8. a4 a5 9. h4 h5 10. Nf3 Bg4 11. Be2 Nc6 12. d5 Nb4 13. Rc1 Nd7 14. Qd2 c6 15. dxc6 bxc6 16. Nd4 Bxe2 17. Ncxe2 Ne5 18. 0-0 Rc8 19. Rfd1 c5 20. Nb3 Ned3 21. Rc4 Qe8 22. Nc3 Bf6 23. Nxa5 Bxh4 24. e5 Bxf2+ 25. Bxf2 Nxe5 26. Rxc5 Nbd3 27. Rxc8 Qxc8 28. Bd4 Qg4 29. Bxe5 Nxe5 30. Qe2 Qg5 31. Nb3 Rb8 32. Nd4 Ng4 33. Ne4 Qe5 34. Nf3 Rxb2 35. Nxe5 Rxe2 36. Nxg4 1/2-1/2

[Event "Mittelfrank Regionalliga Sud-West 2223"]
[Site "Mittelfranken"]
[Date "2022.12.11"]
[Round "4.6"]
[White "Lichtenstern, Elmar"]
[Black "Birth, Waldemar"]
[Result "1/2-1/2"]
[WhiteElo "1978"]
[BlackElo "1960"]
[PlyCount "73"]
[EventDate "2022.10.09"]
[EventType "team-tourn"]
[EventRounds "9"]
[EventCountry "GER"]
[SourceTitle "EXT 2024"]
[Source "ChessBase"]
[SourceDate "2023.10.10"]
[SourceVersion "1"]
[SourceVersionDate "2023.10.10"]
[SourceQuality "1"]
[WhiteTeam "Haar"]
[BlackTeam "Augsburg Rochade"]
[WhiteTeamCountry "GER"]
[BlackTeamCountry "GER"]

1. c4 Nf6 2. Nf3 e6 3. g3 d5 4. cxd5 exd5 5. Bg2 Bd6 6. 0-0 0-0 7. b3 c6 8. Bb2 Bf5 9. d3 Qe7 10. Nbd2 Nbd7 11. Nh4 Be6 12. Re1 Be5 13. d4 Bc7 14. Qc2 g6 15. a4 Rfe8 16. Ba3 Bd6 17. Bxd6 Qxd6 18. Rac1 Re7 19. e3 Rae8 20. Qc3 Nf8 21. Qc5 Qb8 22. b4 Rc7 23. b5 b6 24. Qd6 Rd8 25. Qf4 Nh5 26. Qh6 cxb5 27. axb5 Rdc8 28. Rxc7 Qxc7 29. e4 Qd7 30. Bf3 Nf6 31. Qg5 Nxe4 32. Bxe4 dxe4 33. Nxe4 Qxd4 34. Nf3 Qg7 35. Ne5 h6 36. Qe7 g5 37. Nd6 1/2-1/2

[Event "Regionalliga Sued-West 1819"]
[Site "Bayern"]
[Date "2019.01.20"]
[Round "5.3"]
[White "Schoeneich, Matthias"]
[Black "Lichtenstern, Elmar"]
[Result "1/2-1/2"]
[WhiteElo "2107"]
[BlackElo "2027"]
[PlyCount "56"]
[EventDate "2018.10.21"]
[EventType "team-tourn"]
[EventRounds "9"]
[EventCountry "GER"]
[SourceTitle "EXT 2022"]
[Source "ChessBase"]
[SourceDate "2021.10.06"]
[SourceVersion "1"]
[SourceVersionDate "2021.10.06"]
[SourceQuality "1"]
[WhiteTeam "Muenchen Bayern III"]
[BlackTeam "Haar"]
[WhiteTeamCountry "GER"]
[BlackTeamCountry "GER"]

1. e4 e6 2. d4 d5 3. Nc3 Bb4 4. e5 b6 5. Qg4 Bf8 6. Nh3 Qd7 7. Nf4 Nh6 8. Qg5 Nf5 9. Nh5 Nc6 10. Bb5 a6 11. Bxc6 Qxc6 12. 0-0 Bb7 13. Be3 h6 14. Qf4 Be7 15. g4 g5 16. Qf3 Nh4 17. Qg3 0-0-0 18. f4 Rdf8 19. fxg5 Bxg5 20. Bxg5 hxg5 21. Rf6 Qc4 22. Qe3 c5 23. Rd1 Ng6 24. Rff1 cxd4 25. Rxd4 Qc6 26. Re1 Nh4 27. Nf6 Rh6 28. Rf1 Ng6 1/2-1/2

[Event "Regionalliga Sued-West 1819"]
[Site "Bayern"]
[Date "2018.11.11"]
[Round "2.4"]
[White "Erler, Mark"]
[Black "Lichtenstern, Elmar"]
[Result "1/2-1/2"]
[WhiteElo "2008"]
[BlackElo "2027"]
[PlyCount "51"]
[EventDate "2018.10.21"]
[EventType "team-tourn"]
[EventRounds "9"]
[EventCountry "GER"]
[SourceTitle "EXT 2022"]
[Source "ChessBase"]
[SourceDate "2021.10.06"]
[SourceVersion "1"]
[SourceVersionDate "2021.10.06"]
[SourceQuality "1"]
[WhiteTeam "Tuerkheim/Bad Woerishofen"]
[BlackTeam "Haar"]
[WhiteTeamCountry "GER"]
[BlackTeamCountry "GER"]

1. d4 Nf6 2. c4 e6 3. g3 c5 4. d5 e5 5. Nc3 d6 6. Bg2 Be7 7. e4 a6 8. a4 0-0 9. f4 exf4 10. Bxf4 Re8 11. Nh3 Ng4 12. 0-0 Bf6 13. Kh1 Ne5 14. Bxe5 Bxe5 15. Nf4 Nd7 16. Qf3 Qe7 17. Ra2 Bd4 18. Nce2 Be5 19. Nc3 Nf6 20. Re1 Bg4 21. Qd3 Qc7 22. Nd1 Bxd1 23. Qxd1 Ng4 24. b3 g5 25. Nh3 h6 26. Nf2 1/2-1/2

[Event "Regionalliga Sued-West 1718"]
[Site "Bayern"]
[Date "2018.02.25"]
[Round "7.4"]
[White "Lichtenstern, Elmar"]
[Black "Dirr, Ulrich"]
[Result "1/2-1/2"]
[WhiteElo "2045"]
[BlackElo "2202"]
[PlyCount "21"]
[EventDate "2017.10.22"]
[EventType "team-tourn"]
[EventRounds "9"]
[EventCountry "GER"]
[SourceTitle "EXT 2022"]
[Source "ChessBase"]
[SourceDate "2021.10.06"]
[SourceVersion "1"]
[SourceVersionDate "2021.10.06"]
[SourceQuality "1"]
[WhiteTeam "Haar"]
[BlackTeam "Zugzwang MSA II"]
[WhiteTeamCountry "GER"]
[BlackTeamCountry "GER"]

1. Nf3 f5 2. d4 Nf6 3. Bg5 Ne4 4. Bf4 c5 5. e3 Qb6 6. Qc1 d6 7. c3 Nd7 8. Na3 g6 9. Bd3 Bg7 10. Qc2 0-0 11. Qb3+ 1/2-1/2

[Event "Regionalliga Sued-West 1718"]
[Site "Bayern"]
[Date "2017.11.26"]
[Round "3.6"]
[White "Lichtenstern, Elmar"]
[Black "Bohnhoff, Peter"]
[Result "1/2-1/2"]
[WhiteElo "2045"]
[BlackElo "2048"]
[PlyCount "88"]
[EventDate "2017.10.22"]
[EventType "team-tourn"]
[EventRounds "9"]
[EventCountry "GER"]
[SourceTitle "EXT 2022"]
[Source "ChessBase"]
[SourceDate "2021.10.06"]
[SourceVersion "1"]
[SourceVersionDate "2021.10.06"]
[SourceQuality "1"]
[WhiteTeam "Haar"]
[BlackTeam "Altstadt Roter Turm"]
[WhiteTeamCountry "GER"]
[BlackTeamCountry "GER"]

1. Nf3 d6 2. d4 f5 3. Bf4 Nf6 4. e3 g6 5. Bc4 e6 6. c3 Nc6 7. Ng5 Qe7 8. Qb3 Nd8 9. Nd2 Bg7 10. h4 a6 11. a4 0-0 12. 0-0-0 h6 13. Nh3 Bd7 14. a5 Rb8 15. Bg3 Qe8 16. Qa3 Nc6 17. Nf4 Kh7 18. Qa2 Nd8 19. h5 g5 20. Ng6 Rg8 21. f3 Nxh5 22. Rxh5 Qxg6 23. Rdh1 Nc6 24. f4 d5 25. Bd3 g4 26. Rg5 Qf7 27. Rxg4 Bf6 28. Rxg8 Rxg8 29. Rh3 Rg7 30. Nf1 Qe7 31. b4 Na7 32. Qe2 Bb5 33. Nd2 Bxd3 34. Qxd3 Nc8 35. Nf3 Nd6 36. Qf1 Ne4 37. Be1 Qd7 38. Kb2 Nd6 39. Kb3 Ne4 40. Nd2 Nxd2+ 41. Bxd2 Qb5 42. Qxb5 axb5 43. g3 Kg6 44. Rh1 Rg8 1/2-1/2

[Event "Regionalliga SW 1617"]
[Site "Bayern"]
[Date "2016.12.04"]
[Round "3.5"]
[White "Heuser, Philip"]
[Black "Lichtenstern, Elmar"]
[Result "1-0"]
[WhiteElo "1989"]
[BlackElo "2079"]
[PlyCount "77"]
[EventDate "2016.10.16"]
[EventType "team-tourn"]
[EventRounds "9"]
[EventCountry "GER"]
[SourceTitle "EXT 2019"]
[Source "ChessBase"]
[SourceDate "2018.10.10"]
[SourceVersion "1"]
[SourceVersionDate "2018.10.10"]
[SourceQuality "1"]
[WhiteTeam "Muenchen 36 II"]
[BlackTeam "Haar"]
[WhiteTeamCountry "GER"]
[BlackTeamCountry "GER"]

1. d4 Nf6 2. c4 e6 3. Nc3 Bb4 4. f3 c5 5. d5 exd5 6. cxd5 0-0 7. e4 d6 8. Bd3 Nbd7 9. Nge2 Ne5 10. 0-0 c4 11. Bc2 Bc5+ 12. Kh1 a6 13. a4 Nh5 14. Nf4 Qh4 15. Nxh5 Qxh5 16. Qd2 h6 17. Ne2 Bd7 18. b4 Ba7 19. Bb2 c3 20. Qxc3 Rfc8 21. Qb3 Nc4 22. Bc1 b5 23. a5 Rc7 24. Bd3 Rac8 25. Bxc4 Rxc4 26. Be3 Bxe3 27. Qxe3 Rxb4 28. Qb6 Rb2 29. Nf4 Qh4 30. Qxd6 Rcc2 31. Rg1 g5 32. Nd3 Rb3 33. Nc5 Rbb2 34. Nxd7 Qh3 35. Qf8+ Kh7 36. Qxf7+ Kh8 37. Qf8+ Kh7 38. Qf7+ Kh8 39. Nf6 1-0

[Event "Regionalliga SW 1516"]
[Site "Bayern"]
[Date "2016.04.10"]
[Round "9.4"]
[White "Amelang, Thomas"]
[Black "Lichtenstern, Elmar"]
[Result "1/2-1/2"]
[WhiteElo "2099"]
[BlackElo "2079"]
[PlyCount "49"]
[EventDate "2015.10.11"]
[EventType "team-tourn"]
[EventRounds "9"]
[EventCountry "GER"]
[SourceTitle "EXT 2018"]
[Source "ChessBase"]
[SourceDate "2017.10.13"]
[SourceVersion "1"]
[SourceVersionDate "2017.10.13"]
[SourceQuality "1"]
[WhiteTeam "Muenchen Siemens"]
[BlackTeam "Haar"]
[WhiteTeamCountry "GER"]
[BlackTeamCountry "GER"]

1. e4 e6 2. d4 d5 3. exd5 exd5 4. Bd3 Bd6 5. Qf3 c6 6. Ne2 Qf6 7. Nd2 Be6 8. Qxf6 Nxf6 9. Nf1 0-0 10. Bf4 Bxf4 11. Nxf4 Re8 12. f3 Bf5+ 13. Kf2 Bxd3 14. Nxd3 Nbd7 15. Ne3 g6 16. Rhe1 Rad8 17. a4 Kf8 18. a5 a6 19. Ra3 Rb8 20. Nd1 Rxe1 21. Kxe1 Ne8 22. c3 Nd6 23. Ra1 Nc4 24. Kf2 Re8 25. Ra2 1/2-1/2

[Event "Regionalliga SW 1516"]
[Site "Bayern"]
[Date "2016.02.21"]
[Round "7.5"]
[White "Lichtenstern, Elmar"]
[Black "Schmidt, Hans"]
[Result "1/2-1/2"]
[WhiteElo "2079"]
[BlackElo "2042"]
[PlyCount "41"]
[EventDate "2015.10.11"]
[EventType "team-tourn"]
[EventRounds "9"]
[EventCountry "GER"]
[SourceTitle "EXT 2018"]
[Source "ChessBase"]
[SourceDate "2017.10.13"]
[SourceVersion "1"]
[SourceVersionDate "2017.10.13"]
[SourceQuality "1"]
[WhiteTeam "Haar"]
[BlackTeam "Garching III"]
[WhiteTeamCountry "GER"]
[BlackTeamCountry "GER"]

1. d4 f5 2. Nf3 Nf6 3. Qd3 d5 4. Bf4 e6 5. e3 Nbd7 6. Ng5 Nb6 7. Be2 Bd6 8. Nd2 Ne4 9. Ngf3 0-0 10. c3 Qe7 11. h4 Nd7 12. g3 Ndf6 13. Ne5 c5 14. 0-0 c4 15. Qc2 Nxd2 16. Qxd2 Ne4 17. Qc2 g5 18. hxg5 Nxg5 19. Kg2 Nf7 20. Nxf7 Rxf7 21. Bf3 1/2-1/2

[Event "Regionalliga SW 1415"]
[Site "Bayern"]
[Date "2015.02.22"]
[Round "7.3"]
[White "Lichtenstern, Elmar"]
[Black "Neiss, Josef Martin"]
[Result "0-1"]
[WhiteElo "2079"]
[BlackElo "2051"]
[PlyCount "86"]
[EventDate "2014.10.19"]
[EventType "team-tourn"]
[EventRounds "9"]
[EventCountry "GER"]
[SourceTitle "EXT 2018"]
[Source "ChessBase"]
[SourceDate "2017.10.13"]
[SourceVersion "1"]
[SourceVersionDate "2017.10.13"]
[SourceQuality "1"]
[WhiteTeam "Haar"]
[BlackTeam "Mering"]
[WhiteTeamCountry "GER"]
[BlackTeamCountry "GER"]

1. Nf3 Nf6 2. g3 b6 3. Bg2 Bb7 4. c4 c5 5. Nc3 e6 6. 0-0 a6 7. d3 Be7 8. Bf4 0-0 9. Re1 d5 10. e4 d4 11. Ne2 Nfd7 12. g4 f5 13. exf5 exf5 14. g5 Ra7 15. h4 g6 16. Ng3 Rf7 17. Qd2 Nc6 18. Re2 Nf8 19. Rae1 Qd7 20. Be5 Bd6 21. Bxd6 Qxd6 22. Nh2 Nb4 23. a3 Bxg2 24. Kxg2 Nc6 25. f4 Rae7 26. Nf3 Rxe2+ 27. Rxe2 Re7 28. Rxe7 Qxe7 29. Kf2 Kf7 30. Ne2 Ne6 31. Ke1 Qb7 32. Kf2 b5 33. Qc1 Ke7 34. h5 Kd6 35. hxg6 hxg6 36. Qh1 bxc4 37. dxc4 Qxb2 38. Ne5 Nxe5 39. Qd5+ Ke7 40. fxe5 Qxe2+ 41. Kxe2 Nf4+ 42. Kf3 Nxd5 43. cxd5 c4 0-1

[Event "Regionalliga SW 1415"]
[Site "Bayern"]
[Date "2015.02.01"]
[Round "6.4"]
[White "Lichtenstern, Elmar"]
[Black "Schreiner, Richard"]
[Result "1-0"]
[WhiteElo "2079"]
[BlackElo "2088"]
[PlyCount "80"]
[EventDate "2014.10.19"]
[EventType "team-tourn"]
[EventRounds "9"]
[EventCountry "GER"]
[SourceTitle "EXT 2018"]
[Source "ChessBase"]
[SourceDate "2017.10.13"]
[SourceVersion "1"]
[SourceVersionDate "2017.10.13"]
[SourceQuality "1"]
[WhiteTeam "Haar"]
[BlackTeam "Garching II"]
[WhiteTeamCountry "GER"]
[BlackTeamCountry "GER"]

1. e4 c5 2. Nf3 e6 3. Nc3 Nc6 4. d4 cxd4 5. Nxd4 a6 6. Nxc6 dxc6 7. Qxd8+ Kxd8 8. Na4 e5 9. Nb6 Rb8 10. Bc4 Ke8 11. Be3 Nf6 12. f3 Be7 13. 0-0-0 Rf8 14. Rd3 Nd7 15. Nxd7 Bxd7 16. Rhd1 Be6 17. Bxe6 fxe6 18. Bb6 Rf7 19. Kb1 Bf6 20. a4 Rc8 21. Rd6 Re7 22. b4 Kf7 23. Bd8 Re8 24. Rd7+ Be7 25. Bb6 Kf6 26. c3 c5 27. b5 axb5 28. axb5 Ra8 29. Kb2 c4 30. Rxb7 Ra3 31. Ba7 Ra8 32. Rdd7 Rb3+ 33. Kc2 Re8 34. Rdc7 Ra3 35. Rxe7 Rxe7 36. Rxe7 Ra2+ 37. Kb1 Rxg2 38. Rc7 Rxh2 39. b6 Rh1+ 40. Kb2 Rh2+ 1-0

[Event "Regionalliga SW 1415"]
[Site "Bayern"]
[Date "2014.12.07"]
[Round "4.5"]
[White "Tudosa, Daniel"]
[Black "Lichtenstern, Elmar"]
[Result "0-1"]
[WhiteElo "1944"]
[BlackElo "2079"]
[PlyCount "170"]
[EventDate "2014.10.19"]
[EventType "team-tourn"]
[EventRounds "9"]
[EventCountry "GER"]
[SourceTitle "EXT 2018"]
[Source "ChessBase"]
[SourceDate "2017.10.13"]
[SourceVersion "1"]
[SourceVersionDate "2017.10.13"]
[SourceQuality "1"]
[WhiteTeam "Tuerkheim/Bad Woerishofen"]
[BlackTeam "Haar"]
[WhiteTeamCountry "GER"]
[BlackTeamCountry "GER"]

1. d4 Nf6 2. Nf3 e6 3. e3 b6 4. Be2 Be7 5. 0-0 0-0 6. c4 Bb7 7. Nbd2 c5 8. b3 cxd4 9. Nxd4 a6 10. Bb2 Nc6 11. Bf3 Qc7 12. Rc1 Nb4 13. Ba3 Bc5 14. Bxb4 Bxb4 15. Nc2 Be7 16. Bxb7 Qxb7 17. Qf3 Qxf3 18. gxf3 d5 19. cxd5 Nxd5 20. Nd4 Bc5 21. Ne4 Bxd4 22. exd4 Rfd8 23. Rc6 h6 24. Rfc1 Nf4 25. Re1 Rab8 26. Nd6 Nd3 27. Re2 Nb4 28. Rc4 Rxd6 29. Rxb4 b5 30. Re5 Rd5 31. a4 Kf8 32. f4 g6 33. Kg2 Ke7 34. Re2 Kd7 35. Ra2 Kc7 36. axb5 axb5 37. Ra6 Kb7 38. Ra5 Kb6 39. Ra2 Rb7 40. Kf3 Ra7 41. Raa4 Rc7 42. Ra2 Rc3+ 43. Kg2 Rd3 44. Ra8 h5 45. h4 f6 46. f3 g5 47. fxg5 fxg5 48. hxg5 Rxg5+ 49. Kf2 Rd5 50. Kg3 Rd1 51. Kh3 Rg1 52. Kh2 Rg7 53. Kh1 Rf5 54. d5 Rxf3 55. Kh2 Kc5 56. Rh4 Kxd5 57. Rxh5+ Rf5 58. Rd8+ Ke4 59. Rh4+ Ke5 60. Rd2 Kf6 61. Re2 Rg6 62. Rh8 Kg7 63. Rh4 Rf3 64. b4 Rf5 65. Kh3 Kf6 66. Kh2 Ke7 67. Ra2 Rfg5 68. Rd2 Rg4 69. Rh7+ Kf6 70. Rf2+ Kg5 71. Rb2 e5 72. Re2 e4 73. Kh3 Kf4 74. Rf7+ Ke5 75. Re7+ Kd4 76. Rd7+ Kc4 77. Rb2 Rg3+ 78. Kh2 Rd3 79. Rc7+ Kd4 80. Re2 e3 81. Rd7+ Kc3 82. Rc7+ Kb3 83. Kh3 Rc3 84. Rxc3+ Kxc3 85. Rxe3+ Kxb4 0-1

[Event "Regionalliga SW 1314"]
[Site "Bayern"]
[Date "2014.02.23"]
[Round "7.3"]
[White "Hennig, Dirk"]
[Black "Lichtenstern, Elmar"]
[Result "1-0"]
[WhiteElo "2359"]
[BlackElo "2108"]
[PlyCount "55"]
[EventDate "2013.10.13"]
[EventType "team-tourn"]
[EventRounds "9"]
[EventCountry "GER"]
[SourceTitle "EXT 2015"]
[Source "ChessBase"]
[SourceDate "2014.11.20"]
[SourceVersion "1"]
[SourceVersionDate "2014.11.20"]
[SourceQuality "1"]
[WhiteTeam "Muenchen 36"]
[BlackTeam "Haar"]
[WhiteTeamCountry "GER"]
[BlackTeamCountry "GER"]

1. d4 Nf6 2. Bg5 Ne4 3. Bh4 c5 4. f3 Nf6 5. d5 Qb6 6. e4 Qxb2 7. Nd2 d6 8. Bc4 Qb6 9. f4 Bg4 10. Qc1 Qc7 11. f5 Qa5 12. Bxf6 gxf6 13. Qb2 Nd7 14. h3 Bh5 15. c3 Bh6 16. g4 Rg8 17. Ngf3 a6 18. a4 0-0-0 19. Rb1 Qc7 20. Be2 Bf4 21. Nc4 Bxg4 22. hxg4 Rxg4 23. Na5 Bg3+ 24. Kd1 Rxe4 25. Nxb7 c4 26. Nxd8 Kxd8 27. Rxh7 Qa7 28. Qb7 1-0

[Event "Regionalliga SW 1112"]
[Site "Bayern"]
[Date "2012.02.26"]
[Round "7.3"]
[White "Wood, Christopher Baruch"]
[Black "Lichtenstern, Elmar"]
[Result "1/2-1/2"]
[WhiteElo "2163"]
[BlackElo "2141"]
[PlyCount "117"]
[EventDate "2011.10.02"]
[EventType "team-tourn"]
[EventRounds "9"]
[EventCountry "GER"]
[SourceTitle "EXT 2015"]
[Source "ChessBase"]
[SourceDate "2014.11.20"]
[SourceVersion "1"]
[SourceVersionDate "2014.11.20"]
[SourceQuality "1"]
[WhiteTeam "Muenchen Suedost"]
[BlackTeam "Haar"]
[WhiteTeamCountry "GER"]
[BlackTeamCountry "GER"]

1. e4 e6 2. d4 d5 3. Nc3 Nf6 4. e5 Nfd7 5. f4 c5 6. Nf3 Nc6 7. Be3 Qb6 8. Na4 Qa5+ 9. c3 c4 10. b4 Qc7 11. g3 a5 12. b5 Ne7 13. Bh3 g6 14. 0-0 b6 15. Nb2 a4 16. Nxa4 Qa7 17. Nb2 Qa5 18. Qc2 Qxb5 19. a4 Qc6 20. Rfb1 Ra5 21. Nd1 Qa8 22. Rb2 h5 23. Rba2 Nf5 24. Bc1 Bb7 25. Ba3 Bxa3 26. Rxa3 Bc6 27. R3a2 Qd8 28. Kf2 Qe7 29. Bxf5 gxf5 30. Qb2 Kd8 31. Qb4 Re8 32. Ne3 Kc7 33. Ng5 f6 34. Nf3 Qf8 35. Nc2 Rea8 36. Qxf8 Rxf8 37. Nb4 Rfa8 38. exf6 Nxf6 39. Ng5 Ne4+ 40. Nxe4 dxe4 41. Ke3 Bxa4 42. Ra3 Bc6 43. Rxa5 bxa5 44. Nc2 h4 45. Na3 hxg3 46. hxg3 Rg8 47. Nxc4 Rxg3+ 48. Kf2 Rf3+ 49. Ke1 Rxc3 50. Ne5 a4 51. Kd2 Rh3 52. Rc1 Rd3+ 53. Nxd3 exd3 54. Kxd3 Kd6 55. Rc5 Be4+ 56. Kc3 Bd5 57. Ra5 Bb3 58. Kb4 Bd1 59. Kc3 1/2-1/2

[Event "Regionalliga SW 1011"]
[Site "Bayern"]
[Date "2011.02.27"]
[Round "7.3"]
[White "Lichtenstern, Elmar"]
[Black "Groenegress, Wilfried"]
[Result "1/2-1/2"]
[WhiteElo "2145"]
[BlackElo "1994"]
[PlyCount "63"]
[EventDate "2010.10.10"]
[EventType "team-tourn"]
[EventRounds "9"]
[EventCountry "GER"]
[SourceTitle "EXT 2012"]
[Source "ChessBase"]
[SourceDate "2011.11.24"]
[SourceVersion "1"]
[SourceVersionDate "2011.11.24"]
[SourceQuality "1"]
[WhiteTeam "Haar"]
[BlackTeam "Tuerkheim/Bad Woerishofen"]
[WhiteTeamCountry "GER"]
[BlackTeamCountry "GER"]

1. d4 Nf6 2. c4 e6 3. Nf3 Bb4+ 4. Bd2 Qe7 5. a3 Bxd2+ 6. Nbxd2 d6 7. e4 e5 8. d5 0-0 9. Bd3 Nh5 10. g3 g6 11. h3 c6 12. Qe2 Nd7 13. 0-0-0 Nc5 14. Bc2 cxd5 15. cxd5 b6 16. Nb3 Ba6 17. Qe3 Rac8 18. Nxc5 Rxc5 19. Kb1 Rfc8 20. Bd3 Bxd3+ 21. Qxd3 Qc7 22. Nd2 Qd7 23. Rdf1 f6 24. f4 Qb5 25. Qxb5 Rxb5 26. Rhg1 Rbc5 27. fxe5 fxe5 28. Rf3 Rf8 29. Rgf1 Rcc8 30. Rxf8+ Rxf8 31. Rxf8+ Kxf8 32. Nf1 1/2-1/2

[Event "Regionalliga SW 1011"]
[Site "Bayern"]
[Date "2011.02.06"]
[Round "6.3"]
[White "Fantino, Rene"]
[Black "Lichtenstern, Elmar"]
[Result "1/2-1/2"]
[WhiteElo "2026"]
[BlackElo "2145"]
[PlyCount "176"]
[EventDate "2010.10.10"]
[EventType "team-tourn"]
[EventRounds "9"]
[EventCountry "GER"]
[SourceTitle "EXT 2012"]
[Source "ChessBase"]
[SourceDate "2011.11.24"]
[SourceVersion "1"]
[SourceVersionDate "2011.11.24"]
[SourceQuality "1"]
[WhiteTeam "Muenchen Schwabing"]
[BlackTeam "Haar"]
[WhiteTeamCountry "GER"]
[BlackTeamCountry "GER"]

1. d4 Nf6 2. Nf3 e6 3. c4 d5 4. Nc3 Bb4 5. a3 Bxc3+ 6. bxc3 c5 7. e3 0-0 8. Bd3 dxc4 9. Bxc4 cxd4 10. cxd4 b5 11. Bd3 Bb7 12. 0-0 a6 13. Re1 Be4 14. Ne5 Bxd3 15. Nxd3 Nbd7 16. Bd2 Qb6 17. Qb3 Rfc8 18. Reb1 Qc6 19. a4 bxa4 20. Qxa4 Qe4 21. Ra3 h5 22. f3 Qc6 23. Qxc6 Rxc6 24. Nb4 Rb8 25. Rba1 Rc4 26. Nxa6 Rb2 27. R1a2 Rcc2 28. Rxb2 Rxb2 29. Rd3 e5 30. Bc3 Rb1+ 31. Kf2 e4 32. Rd2 Nd5 33. Rc2 f5 34. Bd2 N7f6 35. Nc7 Nxc7 36. Rxc7 Rb2 37. Ke2 Kf8 38. Rc5 g6 39. Kd1 Rb1+ 40. Bc1 Rb3 41. Kc2 Rb7 42. Ba3 Kf7 43. Kc3 Rb1 44. Rc7+ Ke8 45. Re7+ Kd8 46. Re5 exf3 47. gxf3 Nd7 48. Re6 Rf1 49. Rxg6 Rxf3 50. Re6 f4 51. Kd3 fxe3 52. Rxe3 Rf2 53. Bd6 Nb6 54. Rh3 Kd7 55. Be5 Rf5 56. Ke4 Rg5 57. Kf4 Rg4+ 58. Kf5 Nd5 59. Rxh5 Ne3+ 60. Kf6 Nd5+ 61. Kf7 Rg1 62. Rf5 Ne7 63. Rf6 Nc8 64. d5 Re1 65. Bg3 Rd1 66. d6 Rd3 67. Kg6 Kd8 68. Bf4 Rh3 69. Rf7 Rd3 70. Rf6 Rh3 71. Kf5 Rh7 72. Bg5 Kd7 73. Bf4 Ke8 74. Ke6 Nb6 75. Rh6 Rxh6+ 76. Bxh6 Nd7 77. Bg7 Nc5+ 78. Kd5 Nd7 79. h4 Kf7 80. Bd4 Nf8 81. h5 Ke8 82. h6 Kd7 83. Bg7 Nh7 84. Ke5 Ng5 85. Kf5 Ne6 86. Kg6 Nf4+ 87. Kf7 Ne6 88. h7 Ng5+ 1/2-1/2

[Event "Regionalliga SW 1011"]
[Site "Bayern"]
[Date "2010.10.24"]
[Round "2.3"]
[White "Lichtenstern, Elmar"]
[Black "Schmidt, Gerhard3333"]
[Result "1/2-1/2"]
[WhiteElo "2145"]
[BlackElo "2169"]
[PlyCount "79"]
[EventDate "2010.10.10"]
[EventType "team-tourn"]
[EventRounds "9"]
[EventCountry "GER"]
[SourceTitle "EXT 2012"]
[Source "ChessBase"]
[SourceDate "2011.11.24"]
[SourceVersion "1"]
[SourceVersionDate "2011.11.24"]
[SourceQuality "1"]
[WhiteTeam "Haar"]
[BlackTeam "Unterhaching"]
[WhiteTeamCountry "GER"]
[BlackTeamCountry "GER"]

1. d4 d5 2. Nf3 Nf6 3. c4 e6 4. Nc3 Be7 5. e3 0-0 6. Be2 c5 7. dxc5 Bxc5 8. cxd5 Nxd5 9. Nxd5 Qxd5 10. Qxd5 exd5 11. a3 Be7 12. b4 Bf6 13. Nd4 Nc6 14. Bb2 Nxd4 15. Bxd4 Bxd4 16. exd4 Re8 17. f3 Bf5 18. Kd2 Rac8 19. Rhc1 g5 20. Rc5 b6 21. Rcc1 Rxc1 22. Rxc1 Rc8 23. Rxc8+ Bxc8 24. Bb5 Kf8 25. Ke3 Ke7 26. f4 f6 27. Bd3 h6 28. Kf3 Bd7 29. Kg3 Be6 30. Be2 Kf7 31. h4 Kg6 32. Bd3+ Kg7 33. hxg5 hxg5 34. Kf3 Kf8 35. f5 Bf7 36. Ke3 Ke7 37. Be2 Kd6 38. Kd2 Be8 39. Ke3 Bd7 40. Bd3 1/2-1/2

[Event "Regionalliga SW 1011"]
[Site "Bayern"]
[Date "2010.10.10"]
[Round "1.3"]
[White "Lutz, Albert"]
[Black "Lichtenstern, Elmar"]
[Result "1/2-1/2"]
[WhiteElo "2099"]
[BlackElo "2145"]
[PlyCount "76"]
[EventDate "2010.10.10"]
[EventType "team-tourn"]
[EventRounds "9"]
[EventCountry "GER"]
[SourceTitle "EXT 2012"]
[Source "ChessBase"]
[SourceDate "2011.11.24"]
[SourceVersion "1"]
[SourceVersionDate "2011.11.24"]
[SourceQuality "1"]
[WhiteTeam "Krumbach II"]
[BlackTeam "Haar"]
[WhiteTeamCountry "GER"]
[BlackTeamCountry "GER"]

1. Nf3 Nf6 2. d4 d5 3. g3 c6 4. Bg2 g6 5. 0-0 Bg7 6. c4 0-0 7. Nc3 Nbd7 8. cxd5 cxd5 9. Qc2 b6 10. Bf4 Bb7 11. Ne5 e6 12. Qa4 Nxe5 13. Bxe5 Qd7 14. Qxd7 Nxd7 15. Bxg7 Kxg7 16. Rfc1 a6 17. e3 Rfc8 18. Bf1 Rc7 19. Ne2 Rac8 20. Rxc7 Rxc7 21. Rc1 Rxc1 22. Nxc1 f6 23. Nd3 Kf7 24. h4 a5 25. Ne1 Nb8 26. Bd3 Ba6 27. Bb1 Nc6 28. f4 h6 29. Kf2 e5 30. dxe5 fxe5 31. Nf3 e4 32. Nd4 Nxd4 33. exd4 h5 34. Bc2 Bc4 35. a3 Kf6 36. Ba4 b5 37. Bd1 Kf5 38. Ke3 a4 1/2-1/2